000 00226 a2200085 4500
020 _a 978-0804841191
100 _aPeter Engel
245 _aOrigami Odyssey: A Journey to the Edge of Paperfolding
260 _bTuttle Publishing
_c2011
999 _c13219
_d13219